[Event "Umea Bjorkstad op"]
[Site "Umea"]
[Date "2015.10.30"]
[Round "1"]
[White "Lokander, Martin"]
[Black "Vikstrom, Christoffer"]
[Result "1-0"]
[WhiteElo "2369"]
[BlackElo "1803"]
[PlyCount "45"]
[EventDate "2015.10.30"]
[EventType "tourn"]
[EventRounds "8"]
[EventCountry "SWE"]
[SourceTitle "CBM 169 Extra"]
[Source "ChessBase"]
[SourceDate "2015.12.18"]
[SourceVersion "1"]
[SourceVersionDate "2015.12.18"]
[SourceQuality "1"]

1. d4 Nf6 2. c4 c5 3. d5 b5 4. cxb5 a6 5. e3 d6 6. Nc3 g6 7. e4 Bg7 8. Nf3 Nfd7 9. a4 0-0 10. Bd2 Qc7 11. bxa6 Bxa6 12. Bxa6 Nxa6 13. Nb5 Qb6 14. Bc3 c4 15. Bxg7 Kxg7 16. 0-0 Ndc5 17. Qd4+ Kg8 18. Qxc4 Rab8 19. Nfd4 Rfc8 20. Nc6 Rb7 21. b4 Nxa4 22. Rxa4 Qxb5 23. Qxb5 1-0